Tecnología de los oficios metalúrgicos
| Main Authors: | , |
|---|---|
| Format: | Section = Libro |
| Language: | Undetermined Spanish |
| Published: |
Barcelona
Reverté
1979
|
| Subjects: |
| LEADER | 00527nam a2200205Ia 4500 | ||
|---|---|---|---|
| 008 | 240830s9999 xx 000 0 und d | ||
| 020 | |a 84-291-6060-3 | ||
| 040 | |a CEDOC FIQ-RUSB / 681.7669 L863 | ||
| 041 | |a spa | ||
| 082 | |a 681.7669 L863 | ||
| 100 | 1 | |a Leyensetter, A. | |
| 100 | 1 | |b Würtemberger, G. | |
| 245 | 1 | 0 | |a Tecnología de los oficios metalúrgicos |
| 260 | |a Barcelona |b Reverté |c 1979 | ||
| 300 | |a 552 p. : il | ||
| 650 | 7 | |a METALURGIA | |
| 650 | 7 | |b TECNOLOGIA | |
| 942 | |c BK |2 ddc | ||
| 991 | |a TEXTO | ||
| 999 | |c 13586 | ||